000 00299nam a22000977a 4500
008 150617b xxu||||| |||| 00| 0 eng d
010 _8HCCRSF:003
245 _aHIGH COURT CRIMINAL SESSION NO.245 OF 1969 Uganda Vs Egure Anyika
260 _aHigh Court Kampala
500 _3BEFORE: Hon. Mr. Justice Salanha
999 _c6346
_d6346